000 00298nam a2200121Ia 4500
008 220216s9999 xx 000 0 und d
245 0 _aNew names for old diseases and pests
260 _bPlanters Bulletin
_c1970
300 _a111-112
650 _aPests
650 _aRubber diseases
942 _cJS
999 _c63858
_d63858